00305nam a2200109Ia 4500008004100000020001800041040002900059050002400088100002400112245003300136260002600169221216s9999||||xx |||||||||||||| ||und|| a9966-9754-0-3 cChuka University Library aHF 5415 b .04 2002 aOkatch, Felix Owaga 0aMarketing Management Systems aPesisubNairobic2002